| 000 | 01418cam a22003617a 4500 | ||
|---|---|---|---|
| 003 | CHAP | ||
| 005 | 20220329140830.0 | ||
| 008 | 971013s1981 r 00010 d | ||
| 010 | _a58289 | ||
| 011 | _a59261 | ||
| 035 | _a63419 | ||
| 040 | _cCHAP | ||
| 082 |
_a641.1 _bU53 |
||
| 100 | 0 | 0 |
_aUnger, Kurt. _9116162 |
| 245 | 1 | 3 |
_aLa tecnología en la industria alimentaria mexicana _b: diagnóstico y procesos de incorporación |
| 260 |
_aMéxico, D.F. : _bEl Colegio de México, _c1981 |
||
| 300 | _a136 p. | ||
| 590 |
_aBATCH-UPD _b10 _c20130110 _lUCH01 _h1148 |
||
| 590 |
_aBATCH-UPD _b10 _c20130410 _lUCH01 _h0733 |
||
| 590 |
_aBATCH-UPD _b10 _c20130914 _lUCH01 _h0144 |
||
| 590 |
_aCONVERSION _b10 _c20130109 _lUCH01 _h1331 |
||
| 650 | 1 | 4 |
_aAlimentos _xIndustria. _94227 |
| 650 | 1 | 4 |
_aAlimentos _xTecnología. _94284 |
| 700 | 0 |
_aMárquez, Viviane B. _976369 |
|
| 901 | _aBK | ||
| 942 | _cLIBRO | ||
| 949 |
_a641.1 U53 _bBC _cLIBRO _d33724000276499 _eLIBRO _fc.5 _h77762 _i63419 _si _t295.00 |
||
| 949 |
_a641.1 U53 _bBC _cLIBRO _d33724000276507 _eLIBRO _fc.3 _h67042 _i63419 _si _t295.00 |
||
| 949 |
_a641.1 U53 _bBC _cLIBRO _d33724000276515 _eLIBRO _fc.2 _h66900 _i63419 _si _t295.00 |
||
| 949 |
_a641.1 U53 _bBC _cLIBRO _d33724000276523 _eLIBRO _fc.4 _h67043 _i63419 _si _t295.00 |
||
| 949 |
_a641.1 U53 _bBC _cLIBRO _d33724000277927 _eLIBRO _h58199 _i63419 _si _t295.00 |
||
| 949 |
_a641.1 U53 _bBC _cLIBRO _d33724000633046 _eLIBRO _fc.6 _h91771 _i63419 _si |
||
| 999 |
_c58289 _d58289 |
||